00687 2200265 4500001002100000005001500021035002000036245007100056100001800127250000600145300003500151700001700186260003300203082001000236084001600246020002200262650001800284990001700302990001700319990001700336990001700353990001700370990001700387990001700404INLIS00000000000062920190119010706 a0010-01190000851 aAku Sehat Karena Pola Makan /cEri Murniasih; Editor, Epik Finilih0 aEri Murniasih a- avi, 54 hlm. :bilus. ;c21 cm.0 aEpik Finilih aDepok :bCV Arya Duta,c2010 a641.3 a641.3 ERI a a978-979-750-853-1 aMakanan Sehat a02333/H/2018 a02334/H/2018 a02335/H/2018 a02336/H/2018 a02337/H/2018 a02338/H/2018 a02780/H/2018